000
00324nam a22001337a 4500
005
20240705121758.0
008
240705b |||||||| |||| 00| 0 eng d
041
_a
eng
100
_a
TATIYA, RAMESHWAR
_9
8433
245
_a
BHULE NA BHULAYE
260
_a
KOLKATA
_b
RAMESHWAR TATIYA SMRITI NYAS
300
_a
160;p
942
_c
BK
999
_c
8534
_d
8532